Coffee Consuming Countries Quiz Stats

Quiz Updated Oct 3, 2017

Challenge
Share
Tweet
Embed
Score 0/20 Timer 04:00
1 Play Today
Grams/Capita Country % Correct
5,500Germany
99%
5,100France
92.8%
6,500Luxembourg
88.2%
8,700Denmark
86.7%
6,800Belgium
86.2%
7,900Switzerland
74.7%
9,900Norway
71.9%
12,000Finland
70.2%
5,800Italy
67.6%
9,000Iceland
66.2%
Grams/Capita Country % Correct
5,900Austria
62.5%
5,400Greece
62.1%
4,800Cyprus
59.7%
6,200Canada
57.3%
5,800Slovenia
56.8%
8,200Sweden
44.2%
8,400Netherlands
36.2%
6,100Bosnia and Herzegovina
29.7%
5,500Brazil
12.7%
4,900Croatia
9%

You're not logged in!

Compare scores with friends on all Sporcle quizzes.
Sign Up with Email
OR
Log In

You Might Also Like...

Show Comments

Extras

Top Quizzes Today


Score Distribution

Your Account Isn't Verified!

In order to create a playlist on Sporcle, you need to verify the email address you used during registration. Go to your Sporcle Settings to finish the process.